000 00537nam a2200181 i 4500
001 91300
003 ES-MaACL
005 20231214204507.0
007 t|
008 050128s1967 sp ||||1| spa d
100 1 _aLeprince-Ringuet, Louis.
_971735
245 1 0 _aAtomos y hombres /
_cLouis Leprince-Ringuet ; [traducción de Inocencio Arias].
260 _aMadrid :
_bCid,
_c[1967]
300 _aXX, 228 p. ;
_c20 cm.
700 1 _aArias, Inocencio,
_d1940-
_922748
852 _aES-MaACL
_jC-33352
_bR.63935
999 _c91300
_d91300